Applied Predictive Modeling /

Gorde:
Xehetasun bibliografikoak
Egile nagusia: Kuhn, Max (autor)
Beste egile batzuk: Johnson, Kjell (autor) (autor)
Formatua: Liburua
Hizkuntza:ingelesa
Argitaratua: Nueva York, EUA : Springer, 2013, c2013
Gaiak:
Etiketak: Etiketa erantsi
Etiketarik gabe, Izan zaitez lehena erregistro honi etiketa jartzen!

MARC

LEADER 00000nam^a2200000^a^4500
001 000380553
005 20250521000000.0
009 20260310120609.848
020 |a 978-1-4614-6848-6 
037 |a Acervo ITESO - Biblioteca 
041 |a ING 
082 |a 338. 5442  |b KUH 
100 |a Kuhn, Max  |e (autor) 
245 1 0 |a Applied Predictive Modeling /  |c M. Kuhn, K. Johnson. 
264 4 |a Nueva York, EUA :  |b Springer,  |c 2013, c2013 
300 |a XIII, 600 p. 
336 |a texto  |b txt  |2 rdacontenido 
337 |a sin mediación  |b n  |2 rdamedio 
338 |a volumen  |b nc  |2 rdasoporte 
521 |a 2018 BO Maestría en Ciencia de Datos 
649 |a XX 
650 |a Análisis de Datos -  |x Tema Principal 
650 |a Análisis de Regresión 
650 |a Análisis Económico 
650 |a Modelos Predictivos -  |x Tema Principal 
650 |a Modelos Econométricos 
650 |a Modelos Matemáticos 
650 |a Riesgo Económico 
650 |a Prospectiva Económica -  |x Tema Principal 
650 |a Estadística -  |x Tema Principal 
650 |a Probabilidad 
650 |a Econometría 
650 |a Economía 
700 |a Johnson, Kjell  |e (autor) 
910 |a Fondo General 
920 |a Impresos - Libros 
930 |a Colección General 
905 |a 101 
901 |a 0500275395  |b IT1  |c ACC  |i C152075  |u 20250521 
901 |a 0500275398  |b IT1  |c ACC  |i C152076  |u 20250521 
902 |a https://opac.biblio.iteso.mx/vufind/Record/000380553